Novinky v spoločenskom tanci

Bibliographic Details
Main Author: Buryan, Vladimír (Author)
Format: Book
Language:Slovak
PhysicalDescription:32 s. 4°
Published: Bratislava Osvetový ústav 1974
Subjects:

MARC

LEADER 00000cam a2200000 a 4500
001 vtls008329798
003 SK-MaSNL
005 20260301075044.0
008 240315s1974 xo 000 0 slo
015 |a SNBA1975/03-00968 
035 |a SK01SNK19750022015 
035 |a SKM000024478 
040 |a SNK  |b slo  |c SNK  |e AACR2 
041 0 |a slo 
044 |a xo  |c SK 
080 |a 793(035)  |2 1981 
100 1 |a Buryan, Vladimír  |4 aut  |9 398606 
245 1 0 |a Novinky v spoločenskom tanci  |c Vladimír Buryán 
260 |a Bratislava  |b Osvetový ústav  |c 1974 
300 |a 32 s.  |c 4° 
366 |e 300 výt. 
650 0 7 |a spoločenské tance  |2 SNKPH  |9 29452 
655 7 |a príručky  |2 SNKPH  |9 74364 
852 |a Slovenská národná knižnica v Martine  |b 10000  |h SB 21985 
852 |a Slovenská národná knižnica v Martine  |b 10000  |h SB 21985 D1 
958 |a OND 
958 |a RM 
958 |a RK 
958 |a BQ 
999 |c 649014  |d 650944 
952 |a SNK  |b SNK  |y PREZ  |7 0  |p 17A0920564  |o snkSB 21985  |i snkKSP 2940/75  |0 0  |1 0  |4 0  |d 2014-06-04  |f 1  |l 0  |r 2025-03-26 00:00:00  |w 2026-02-23 
952 |a SNK  |b SNK  |y VYP  |7 0  |o snkSB 21985 D1  |i snkKSP 2941/75  |0 0  |1 0  |4 0  |d 2014-06-04  |l 0  |r 2026-02-23 18:17:13  |w 2026-02-23